Statistiche per Elenca la formazione - Quiz n°26

Clicka qui per fare il quiz!

Statistiche generali

  • Questo quiz è stato fatto 19 volte
  • Il punteggio medio è 7 su 11

Statistiche sulle risposte

RuoloNazioneCalciatore% Corretto
DifensoreGermaniaMats Hummels
100%
AttaccantePoloniaRobert Lewandowski
100%
AlaGermaniaMarco Reus
94%
PortiereGermaniaRoman Weidenfeller
94%
DifensoreSerbiaNeven Subotić
72%
CentrocampistaTurchiaNuri Şahin
72%
DifensoreGermaniaMarcel Schmelzer
67%
AlaPoloniaJakub Błaszczykowski
56%
TrequartistaGermaniaİlkay Gündoğan
44%
CentrocampistaGermaniaSven Bender
17%
DifensoreGermaniaKevin Großkreutz
6%

Distribuzione punteggi

Percentile per numero di risposta

Percentuale di utenti per punteggio

I tuoi punteggi nel tempo

Non hai fatto questo quiz